000
00501nam a2200181Ia 4500
008
090123s9999 xx 000 0 und d
082
_b
17935
100
_a
परांजपे पु.वा.
245
_a
हिसका
250
_a
1
260
_b
आशिष प्रकाशन
_c
1990
300
_a
170
600
_a
परांजपे पु.वा.
630
_a
हिसका
700
_a
परांजपे पु.वा.
730
_a
हिसका
942
_c
BOOK
999
_c
55995
_d
55995